Normal view MARC view
  • Norton, P.

Entry Personal Name

Number of records used in: 3

001 - CONTROL NUMBER

  • control field: 8456

003 - CONTROL NUMBER IDENTIFIER

  • control field: NUST

005 - DATE AND TIME OF LATEST TRANSACTION

  • control field: 20180116172726.0

008 - FIXED-LENGTH DATA ELEMENTS

  • fixed length control field: 180116|| aca||aabn | a|a d

040 ## - CATALOGING SOURCE

  • Original cataloging agency: NUST
  • Transcribing agency: NUST

100 ## - HEADING--PERSONAL NAME

  • Personal name: Norton, P.

670 ## - SOURCE DATA FOUND

  • Source citation: Work cat.: (NUST)136: Norton, P., Introduction to Computers
© 2023 Central Library, National University of Sciences and Technology. All Rights Reserved.